| 000 | 00814nam a2200217Ii 4500 | ||
|---|---|---|---|
| 003 | JO-AjNU | ||
| 008 | 230605s9999||||xx |||||||||||||| ||und|| | ||
| 017 | _a2007/6/1664 | ||
| 040 |
_aJO-AjNU _bara _erda _cJO-AjNU |
||
| 041 | _aara | ||
| 050 | 1 | 4 | _aHF 5485.H87.2008 |
| 100 | 3 |
_aحسين،جاسم ناصر/صباح مجيد النجار/حميد خيرالله سلمان, _eauthor _933170 |
|
| 245 | 0 | 0 | _aتخطيط ورقابة التخزين |
| 250 | _aط العربية | ||
| 264 | 3 | 1 | _aعمان:دار اليازوري العلمية للنشر والتوزيع؛2008 |
| 300 |
_a440ص _bيحتوي على ببلوغرافية من ص429-440ص |
||
| 336 |
_atext _btxt _2rdacontent |
||
| 337 |
_aunmediated _bn _2rdamedia |
||
| 338 |
_avolume _bnc _2rdacarrier |
||
| 650 | 4 |
_aالبيع-تخزين _933171 |
|
| 999 |
_aA13473 _c17041 _d17041 |
||